<?xml version="1.0" encoding="UTF-8"?>
<record
    xmlns:xsi="http://www.w3.org/2001/XMLSchema-instance"
    xsi:schemaLocation="http://www.loc.gov/MARC21/slim http://www.loc.gov/standards/marcxml/schema/MARC21slim.xsd"
    xmlns="http://www.loc.gov/MARC21/slim">

  <leader>00811naa a2200205 i 4500</leader>
  <controlfield tag="001">9864</controlfield>
  <controlfield tag="003">KOSZ 005</controlfield>
  <controlfield tag="005">20180411101312.0</controlfield>
  <controlfield tag="008">130304s2012    pl           |000 0dpol</controlfield>
  <datafield tag="040" ind1=" " ind2=" ">
    <subfield code="c">BPK</subfield>
    <subfield code="d">KOSZ 005/EG</subfield>
  </datafield>
  <datafield tag="041" ind1="1" ind2=" ">
    <subfield code="a">pol</subfield>
  </datafield>
  <datafield tag="080" ind1=" " ind2=" ">
    <subfield code="a">94(438).083</subfield>
  </datafield>
  <datafield tag="080" ind1=" " ind2=" ">
    <subfield code="a">316.64</subfield>
  </datafield>
  <datafield tag="080" ind1=" " ind2=" ">
    <subfield code="a">172</subfield>
  </datafield>
  <datafield tag="100" ind1="1" ind2=" ">
    <subfield code="a">WERRA, Zbigniew.</subfield>
    <subfield code="b">Politechnika Koszali&#x144;ska - Instytut Polityki Spo&#x142;ecznej i Stosunk&#xF3;w Mi&#x119;dzynarodowych,</subfield>
    <subfield code="c">Zak&#x142;ad Stosunk&#xF3;w Mi&#x119;dzynarodowych</subfield>
    <subfield code="d">2010 - .</subfield>
  </datafield>
  <datafield tag="245" ind1="1" ind2="0">
    <subfield code="a">Idea solidarno&#x15B;ci spo&#x142;ecznej niezale&#x17C;nego zrzeszenia studentw 1980-1981 /</subfield>
    <subfield code="c">Zbigniew Werra.</subfield>
  </datafield>
  <datafield tag="650" ind1=" " ind2=" ">
    <subfield code="a">Solidarno&#x15B;&#x107; spo&#x142;eczna.</subfield>
  </datafield>
  <datafield tag="773" ind1="0" ind2=" ">
    <subfield code="i">W :</subfield>
    <subfield code="t">Solidarno&#x15B;&#x107; : ludzie i idee / pod red. Marka G&#xF3;rki. -</subfield>
    <subfield code="d">Koszalin : Wydaw. Uczelniane Politechniki Koszali&#x144;skiej, 2012. -</subfield>
    <subfield code="g">s. 47-66</subfield>
  </datafield>
  <datafield tag="942" ind1=" " ind2=" ">
    <subfield code="2">UKD</subfield>
    <subfield code="c">ROZ</subfield>
  </datafield>
  <datafield tag="999" ind1=" " ind2=" ">
    <subfield code="c">9864</subfield>
    <subfield code="d">9864</subfield>
  </datafield>
</record>
